000
00354nam a2200145Ia 4500
008
191206s9999 xx 000 0 und d
020
_a
75895557
090
_a
LB2369M32
245
0
_a
Successful Dissertations and Theses
250
_a
1st ed.
260
_a
Jossey-Bass
260
_c
c1983
300
_a
"xvi, 174 p. ; 24 cm."
999
_c
16994
_d
16994